000 00516nam a22001697a 4500
003 MACL
005 20160510140437.0
008 160510b xxu||||| |||| 00| 0 eng d
040 _cMACL
041 _aHindi
082 _a891.431
100 _aगोरखपुरी, फिराक
_953695
245 _aगुले नगमा
_cफिराक गोरखपुरी
260 _aइलाहाबाद
_bलोकभारती प्रकाशन
650 _aPoetry
_955955
942 _2ddc
_cHIN
999 _c53946
_d53946